000 04928cam a2200601 4500500
005 20260111073331.0
041 _afre
042 _adc
100 1 0 _aBelaiche, Stéphanie
_eauthor
700 1 0 _aMercier, Edwige
_eauthor
700 1 0 _aCuny, Damien
_eauthor
700 1 0 _aKambia, Nicolas
_eauthor
700 1 0 _aWierre, Patrick
_eauthor
700 1 0 _aBertoux, Elisabeth
_eauthor
700 1 0 _aMascaut, Daniel
_eauthor
700 1 0 _aAzar, Raymond
_eauthor
700 1 0 _aBataille, Pierre
_eauthor
700 1 0 _aBourdon, Franck
_eauthor
700 1 0 _aMac Namara, Evelyne
_eauthor
700 1 0 _aMaisonneuve, Nathalie
_eauthor
700 1 0 _aPainchart, Bernard
_eauthor
700 1 0 _aVrigneau, Laurence
_eauthor
700 1 0 _aNoel, Christian
_eauthor
700 1 0 _aDécaudin, Bertrand
_eauthor
700 1 0 _aGlowacki, François
_eauthor
245 0 0 _aImplication du pharmacien d’officine dans le parcours de soins de la maladie rénale chronique
260 _c2020.
500 _a27
520 _aChronic kidney disease (CKD) is a major concern of public health. The pharmacist is known as a health practitioner involved in prevention and therapeutic education. Our study aimed at defining the impact of community pharmacists’ interventions for preventing and screening CKD. In our observational prospective study of 5 months conducted in 109 community pharmacy, we included 2 groups of patients: A (therapeutic optimization): CKD patients and B (CKD screening): population at risk. In group A, we included 354 patients, mainly women (51.2%), in stage 3 of CKD, mean age 73 years old, with hypertension alone (40.6%) or associated with diabetes (44%). About 70% of the patients had a follow up by a nephrologist and 45% of them were good adherent according to the Morisky Green self-report. However, approximately 20% of patients did not have nephroprotective treatments in their regimen although they were on stage 3 or 4 CKD patients, and about half of them were not aware of medical situations at risk. Concerning group B, 532 patients were included. The pharmaceutical interventions screened 10 % of patients with a GFR 2. The community pharmacists’ interventions helped to optimize the therapeutic management of CKD patients and in the early screening of patients at risk. More studies are needed to extrapolate our observations to a larger population.
520 _aLe pharmacien d’officine est reconnu comme un acteur de la prévention et de l’éducation thérapeutique. Un projet pédagogique mené dans les officines du Nord-Pas-de-Calais et coordonné par la faculté de pharmacie de Lille avec le réseau Néphronor nous a permis de collecter des données permettant d’évaluer l’intérêt d’une évaluation pharmaceutique officinale de la MRC. Nous rapportons ici le résultat de l’intervention réalisée dans 109 pharmacies d’officine. Les entretiens pharmaceutiques ont concerné 2 populations de patients. Le groupe A concerne des patients se connaissant porteurs d’une IRC (entretien pharmaceutique d’optimisation thérapeutique). Le groupe B regroupe des patients à risque de MRC pour lesquels est proposée une stratégie de dépistage. Ainsi, 354 patients ont été inclus dans le groupe A, majoritairement des femmes (51,2 %), en stade 3 d’IRC, d’âge moyen 73 ans, diabétiques (44 %). Environ 70 % des patients avaient déjà été vus par un néphrologue et 45 % d’entre eux présentaient une bonne adhésion thérapeutique selon le questionnaire de Morisky Green. Par ailleurs, 20 % des patients n’avaient pas de traitement néphroprotecteur en stades 3 et 4 de la MRC et plus de la moitié ne connaissaient pas les situations à risque d’insuffisance rénale aiguë. Le groupe B a inclus 532 patients (âge moyen 70 ans). L’intervention pharmaceutique a permis de dépister 10 % de patients avec un DFG 2. L’entretien pharmaceutique en officine a permis d’optimiser la prise en charge thérapeutique et l’information des patients IRC, ainsi que le dépistage précoce chez certains patients à risque.
690 _a(loi) Hôpital
690 _a patient
690 _a santé
690 _a territoire
690 _aentretien pharmaceutique
690 _aHAS
690 _aHaute autorité de santé
690 _aHPST
690 _aHTA
690 _ahypertension artérielle
690 _aIEC
690 _ainhibiteur de l’enzyme de conversion
690 _ainsuffisance rénale chronique
690 _aIRC
690 _amaladie rénale chronique
690 _aMRC
690 _aprévention
690 _achronic kidney disease
690 _apharmacist intervention
690 _aprevention
786 0 _nJournal de Pharmacie Clinique | 39 | 1 | 2020-01-01 | p. 29-36 | 0291-1981
856 4 1 _uhttps://stm.cairn.info/revue-journal-de-pharmacie-clinique-2020-1-page-29?lang=fr&redirect-ssocas=7080
999 _c1615447
_d1615447